| 000 | 004780000a22001810004500 | ||
|---|---|---|---|
| 003 | LK-CoMWRAF | ||
| 005 | 20230925151644.0 | ||
| 008 | 230817t ||||| |||| 00| 0 eng d | ||
| 040 |
_aLK-CoMWRAF _dLK-CoMWRAF _eLK-CoMWRAF |
||
| 041 | _aeng | ||
| 082 |
_a206.509 _bIDR |
||
| 100 | _aIdris, Jaafar Sheikh | ||
| 245 | _aThe Pillars of Faith | ||
| 260 |
_aRiyadh : _bPresidency of Islamic research IFTA and propagation, _c1984 |
||
| 300 | _a30p | ||
| 650 | _aIslam | ||
| 942 | _cBK | ||
| 999 |
_c1469 _d1469 |
||